| 000 | 00784nam a2200265 a 4500 | ||
|---|---|---|---|
| 001 | 68793 | ||
| 003 | BD-RjUL | ||
| 005 | 20211209081818.0 | ||
| 008 | 170405s1998 maua b 001 0 eng d | ||
| 020 | _a0878934812 : | ||
| 035 | _a(BD-RjUL)69004 | ||
| 040 |
_aDLC _cDLC _beng _dBD-RjUL |
||
| 041 | _aeng | ||
| 082 | 0 | 0 |
_a576.53 _223 _bLYG 1998 |
| 100 | 1 |
_aLynch, Michael _9203876 |
|
| 245 | 1 | 0 |
_aGenetics and analysis of quantitative traits / _cMichael Lynch, Bruce Walsh. |
| 260 |
_aSunderland, Ma. : _bSinauer, _c1998. |
||
| 300 |
_axvi, 980 p. : _bill. ; _c24 cm. |
||
| 504 | _aIncludes bibliography and indexes. | ||
| 650 | 0 |
_aQuantitative genetics. _9203877 |
|
| 650 | 0 | _2Genetic Makeup | |
| 700 | 1 |
_aWalsh, Bruce _9203878 |
|
| 942 |
_2ddc _cBK |
||
| 999 |
_c68793 _d68793 |
||